Celtic players (2010-2020) - Statistics

General Stats
  • This quiz has been taken 19 times
  • The average score is 56 of 126
Answer Stats
Rank Player Positions Nationality Matches Goals (assists) Period % Correct
2 James Forrest RW 233 56 (62) 2010-2020
100%
1 Scott Brown CM 276 20 (32) 2010-2020
100%
5 Callum McGregor CM 166 30 (36) 2014-2020
93%
14 Tom Rogic AM 113 24 (25) 2012-2014, 2015-2020
93%
4 Fraser Forster GK 168 0 (0) 2010-2014, 2019-2020
86%
6 Mikael Lustig RB 153 12 (24) 2011-2019
86%
10 Nir Bitton CB 137 9 (9) 2013-2020
86%
3 Emilio Izaguirre LB 187 4 (38) 2010-2017, 2018-2019
79%
117 Karamoko Dembélé AM 1 0 (0) 2019-2020
79%
17 Kieran Tierney LB 97 5 (25) 2014-2019
79%
33 Moussa Dembélé ST 53 25 (15) 2016-2019
79%
30 Victor Wanyama DM 61 10 (7) 2011-2013
79%
9 Craig Gordon GK 145 0 (0) 2014-2019
71%
23 Dedryck Boyata CB 86 11 (4) 2015-2019
71%
21 Georgios Samaras LW 92 23 (27) 2010-2014
71%
8 Leigh Griffiths ST 149 84 (34) 2013-2020
71%
25 Odsonne Edouard ST 74 42 (18) 2017-2020
71%
29 Olivier Ntcham AM 65 12 (4) 2017-2020
71%
31 Ryan Christie DM 57 22 (17) 2015-2017, 2018-2020
71%
16 Adam Matthews RB 101 4 (20) 2011-2015
64%
13 Efe Ambrose CB 113 5 (9) 2012-2016
64%
58 Filip Benkovic CB 19 2 (1) 2018-2019
64%
70 Greg Taylor LB 12 0 (5) 2019-2020
64%
44 Jason Denayer CB 29 5 (1) 2014-2015
64%
64 Jeremie Frimpong RB 14 2 (3) 2019-2020
64%
28 Jozo Simunovic CB 69 3 (2) 2015-2020
64%
27 Kristoffer Ajer CB 70 3 (2) 2017-2020
64%
53 Scott Bain GK 21 0 (0) 2017-2020
64%
32 Sung-yueng Ki DM 56 9 (10) 2010-2012
64%
11 Anthony Stokes ST 135 58 (45) 2010-2016
57%
22 Beram Kayal CM 86 2 (4) 2010-2015
57%
55 Cristian Gamboa RB 20 0 (1) 2016-2019
57%
18 Gary Hooper ST 95 63 (24) 2010-2013
57%
15 Joe Ledley CM 106 20 (16) 2010-2014
57%
7 Kris Commons AM 149 62 (57) 2010-2016
57%
19 Scott Sinclair LW 95 39 (21) 2016-2020
57%
26 Stefan Johansen CM 73 12 (16) 2013-2016
57%
48 Teemu Pukki ST 27 7 (2) 2013-2015
57%
24 Virgil van Dijk CB 76 9 (7) 2013-2016
57%
80 Anthony Ralston RB 10 1 (0) 2015-2020
50%
43 Du-ri Cha RB 31 2 (1) 2010-2012
50%
69 Eboue Kouassi DM 12 0 (1) 2016-2019
50%
37 Kelvin Wilson CB 47 0 (0) 2011-2013
50%
83 Kolo Touré CB 9 0 (0) 2016-2017
50%
42 Mark Wilson RB 32 2 (4) 2010-2012
50%
82 Mohamed Elyounoussi RW 10 4 (2) 2019-2020
50%
35 Patrick Roberts RW 51 15 (19) 2015-2018
50%
59 Stefan Scepovic ST 19 3 (1) 2014-2016
50%
20 Stuart Armstrong CM 95 23 (22) 2014-2018
50%
63 Boli Bolingoli LB 14 0 (2) 2019-2020
43%
36 Daniel Majstorović CB 49 1 (2) 2010-2012
43%
81 Dorus de Vries GK 10 0 (0) 2016-2018
43%
40 Erik Sviatchenko CB 42 1 (3) 2015-2017
43%
38 Gary Mackay-Steven LM 46 8 (8) 2014-2017
43%
51 John Guidetti ST 24 8 (7) 2014-2015
43%
61 Lukasz Zaluska GK 17 0 (0) 2010-2015
43%
120 Marc Crosas DM 1 0 (0) 2010-2011
43%
122 Maryan Shved RW 1 0 (0) 2019-2020
43%
75 Mohamed Bangura LW 11 0 (1) 2011-2013
43%
72 Nadir Çiftçi ST 12 4 (1) 2015-2017
43%
111 Patryk Klimala ST 2 0 (0) 2019-2020
43%
52 Shaun Maloney AM 24 5 (8) 2010-2012
43%
79 Timothy Weah RW 11 3 (1) 2018-2019
43%
49 Tony Watt ST 25 7 (4) 2011-2014
43%
89 Aleksandar Tonev LW 6 0 (0) 2014-2015
36%
12 Charlie Mulgrew CB 134 20 (22) 2010-2016
36%
46 Christopher Jullien CB 28 4 (2) 2019-2020
36%
73 Colin Kazım-Richards ST 11 1 (1) 2015-2016
36%
67 Efraín Juárez RB 13 0 (0) 2010-2011
36%
91 Filip Twardzik CB 5 0 (1) 2011-2015
36%
50 Glenn Loovens CB 24 2 (0) 2010-2012
36%
92 Hatem Abd Elhamed CB 5 0 (1) 2019-2020
36%
102 Jack Aitchison AM 3 1 (1) 2015-2017
36%
86 Jeremy Toljan RB 8 0 (1) 2018-2019
36%
98 Jo Inge Berget ST 4 2 (0) 2014-2015
36%
41 Jonny Hayes RM 42 2 (2) 2017-2020
36%
93 Jos Hooiveld CB 5 0 (0) 2010-2011
36%
118 Kundai Benyu CM 1 0 (0) 2017-2018
36%
103 Logan Bailly GK 3 0 (0) 2015-2016
36%
47 Mikey Johnston LW 27 5 (5) 2016-2020
36%
84 Moritz Bauer RB 9 0 (2) 2019-2020
36%
94 Mubarak Wakaso CM 5 0 (1) 2014-2015
36%
77 Oliver Burke ST 11 4 (1) 2018-2019
36%
105 Rami Gershon CB 3 1 (0) 2012-2013
36%
125 Stephen Welsh CB 1 0 (0) 2019-2020
36%
85 Vakoun Bayo ST 9 0 (0) 2018-2020
36%
126 Youssouf Mulumbu DM 1 0 (0) 2018-2019
36%
90 Badr El Kaddouri LB 6 1 (0) 2011-2012
29%
95 Bahrudin Atajic AM 4 1 (0) 2012-2014
29%
100 Calvin Miller LM 3 0 (0) 2016-2018
29%
96 Carlton Cole ST 4 0 (1) 2015-2016
29%
113 Daniel Arzani RW 1 0 (0) 2018-2019
29%
62 Derk Boerrigter LW 16 1 (2) 2013-2015
29%
56 Dylan McGeouch CM 20 2 (2) 2011-2015
29%
101 Ewan Henderson AM 3 0 (2) 2018-2019
29%
88 Freddie Ljungberg RM 7 0 (0) 2010-2011
29%
114 Ibrahim Rabiu CM 1 0 (0) 2011-2012
29%
71 Jack Hendry CB 12 0 (0) 2017-2019
29%
65 Lassad Nouioui ST 14 3 (3) 2012-2013
29%
66 Lewis Morgan LW 14 0 (1) 2018-2020
29%
45 Liam Henderson CM 29 3 (1) 2013-2018
29%
74 Miku ST 11 2 (0) 2012-2013
29%
104 Pawel Brozek ST 3 0 (0) 2011-2012
29%
39 Thomas Rogne CB 46 2 (0) 2010-2013
29%
54 Amido Baldé ST 20 3 (1) 2013-2014
21%
99 Andre Blackman LB 3 0 (0) 2011-2012
21%
60 Darnell Fisher RB 17 1 (3) 2013-2015
21%
57 Daryl Murphy ST 19 3 (2) 2010-2011, 2012-2013
21%
115 Jackson Irvine CM 1 0 (0) 2012-2013
21%
109 Marc-Antoine Fortuné ST 2 0 (2) 2010-2011
21%
76 Niall McGinn LW 11 2 (1) 2010-2011
21%
110 Olivier Kapo AM 2 0 (1) 2010-2011
21%
34 Paddy McCourt LW 53 7 (5) 2010-2013
21%
123 Paul Slane RW 1 0 (0) 2012-2013
21%
78 Saidy Janko RB 11 0 (2) 2015-2017
21%
112 Steven Mouyokolo CB 2 0 (0) 2013-2014
21%
106 Tyler Blackett CB 3 0 (0) 2015-2016
21%
87 Eoghan O'Connell CB 7 0 (0) 2013-2017
14%
119 Lewis Toshney CB 1 0 (0) 2010-2011
14%
121 Marcus Fraser RB 1 0 (0) 2012-2013
14%
124 Richie Towell CM 1 0 (0) 2010-2011
14%
97 Charly Musonda Jr. LW 4 0 (0) 2017-2018
7%
107 Joe Chalmers CM 2 0 (0) 2012-2013
7%
116 Joe Thomson CM 1 0 (0) 2015-2016
7%
108 John Herron CM 2 0 (0) 2012-2014
7%
68 Scott Allan AM 13 0 (4) 2015-2016
7%
No matching quizzes found
Score Distribution
Percent of People with Each Score
Percentile by Number Answered
Your Score History
You have not taken this quiz